000 00281nam a22001217a 4500
008 170608b xxu||||| |||| 00| 0 eng d
041 _aeng
080 _a327
100 _a15
101 _aSHP
245 _aINTERNATIONAL POLITICS AND MIDDLW EAST
_cBROWN.L.C
942 _2udc
_cBK
999 _c16363
_d16363